01713nam a22004097a 4500003000500000005001700005008004100022010000900063011000900072035000900081040000900090090001000099100004400109245015300153260004200306300003000348500001100378502009000389590003700479590004100516590004100557590004100598590004100639590004100680590004200721650004500763650003400808650004800842650004300890901000700933942000900940949004100949949004600990999001501036952012501051952012701176CHAP20220329133105.0971013s1991 r 00010 d a2024 a2996 a2196 cCHAP aTesis00aBolaños Trujano, Rosa María.913482 aFactores económicos, políticos y sociales de la organización campesinab: estudio comparativo de casos Francisco Villa y Nanacamilpa, Tlaxcala aMontecillo, Méx. :bEl Autor,c1991 a132 h.b: ilus. ; cuadros aD44-54 aTesis (M.C. Esp. en Desarrollo Rural) -- C.P. Centro de Estudios del Desarrollo Rural aALEPHb10c20130110lUCH01h1211 aBATCH-UPDb10c20130109lUCH01h2307 aBATCH-UPDb10c20130110lUCH01h2142 aBATCH-UPDb10c20130409lUCH01h1823 aBATCH-UPDb10c20130410lUCH01h1451 aBATCH-UPDb10c20130914lUCH01h0701 aCONVERSIONb10c20130109lUCH01h130214aAgriculturaxSociedadesxTlaxcala.9181814aCampesinadoxTlaxcala.91804314aTlaxcalaxCondiciones económicas.911346814aTlaxcalaxCondiciones rurales.9113469 aBK cFOLL bBCcTESd-11694eTS1h23907i2196si bBCcTESd-71464eTS2fc.2h23908i2196si c2024d2024 00102local4053708TESISaBCbBCcPA_TESISd2019-12-31fTESISl0p-71464r2019-12-31 00:00:00tc.2w2019-12-31yTESIS 00102local4051708TESISaBCbBCcPA_TESISd2019-12-31fTESISl0oTesisp-11694r2019-12-31 00:00:00w2019-12-31yTESIS